Word Ladder: Master & Apprentice Quiz Stats

Quiz Updated Sep 1, 2014

Challenge
Share
Tweet
Embed
Score 0/40 Timer 04:00
1 Play Today
Hint 3-Letter Word % Correct
Scooby-___DOO
98.8%
&AND
97%
Barbie's partnerKEN
96.9%
Travel by airFLY
96.7%
Part of a pianoKEY
95.6%
___ LankaSRI
95.4%
Genetic codeDNA
95%
Hit the slopesSKI
94.8%
Give help toAID
94.8%
Defeat your opponentWIN
94.2%
Yoga surfaceMAT
94.2%
SNL alum TinaFEY
94.1%
Drunk driving chargeDUI
94%
RelativesKIN
93.7%
The 'P' in MPHPER
93.5%
___-Mart (largest retailer)WAL
93.4%
Like a foxSLY
93%
Action at an auctionBID
92.7%
Where a film is filmedSET
91.9%
Yes, in FrenchOUI
91.6%
Hint 3-Letter Word % Correct
Chunk of gum or cashWAD
91.6%
Poseidon's domainSEA
91.6%
__ _ good turn daily (2 words)DO A
90.8%
Santa ___ windsANA
90.3%
New York baseballerMET
89.4%
Possible answer to 'What's up?'SKY
88.8%
Like Darth VaderBAD
88.7%
Pale-lookingWAN
88.2%
Spanish lady (abbr)SRA
87.4%
Prefix with -plunk or -smashKER
87%
Angkor ___ (Cambodian temple)WAT
86.6%
C-3PO and R2-D2 e.g.DUO
86%
___ favorPOR
85.5%
Kenan's partner on NickelodeonKEL
79.6%
___-El (Superman)KAL
79.2%
Baseball hitter's statRBI
72.8%
Luau dishPOI
71%
King of FranceROI
68.2%
Japanese sashOBI
67.6%
Japanese sashOBI
67.6%

Today's Daily Dose

Word Ladder
Summertime

On This Day
June 23rd II

You're not logged in!

Compare scores with friends on all Sporcle quizzes.
Join for Free
OR
Log In

You Might Also Like...

Show Comments

Extras

Top Quizzes Today


Score Distribution

Your Account Isn't Verified!

In order to create a playlist on Sporcle, you need to verify the email address you used during registration. Go to your Sporcle Settings to finish the process.

Report this User

Report this user for behavior that violates our Community Guidelines.

Details: